000
00286nam a22001337a 4500
999
_c
161699
_d
161699
020
_a
082
_a
_b
100
_a
Kunwar Bechain
245
_a
Aandhiyo dheere chalo/
_c
by Kunwar Bechain.
260
_a
New Delhi:
_b
Vani,
_c
2011.
300
_a
125p.
650
_a
942
_c
BK